000 004970000a22001570004500
003 MACL
005 20180320133128.0
008 180320b xxu||||| |||| 00| 0 eng d
040 _cMACL
100 _aवेदान्‍त केसरी
_971463
245 _aसंत ज्ञानेश्‍वर और भक्ति यात्रा
260 _bअरूणोदय प्रकाशन
_c1995
350 _a195
650 _aधर्म
_971464
942 _cHIN
_k294
_2ddc
999 _c21535
_d21535